|
|
|
|
| LEADER |
00000ny a22000003n 4500 |
| 005 |
20110616135327.0 |
| 008 |
010226s2000 sp 001 0 spa c |
| 017 |
|
|
|a D.L.B51507-00
|
| 020 |
|
|
|a 9788495027924
|
| 035 |
|
|
|a 3310
|
| 040 |
|
|
|a SpMaUCDE
|d vLex
|
| 080 |
|
|
|a 351.823.1:639.1(460)
|
| 080 |
|
|
|a 639
|
| 090 |
|
|
|c 780
|d 780
|
| 100 |
1 |
|
|a Sǹchez Lamelas, Ana
|
| 245 |
1 |
3 |
|a La flota pesquera
|h [Recurso electrn̤ico]
|b rǧimen jurd̕ico de las autorizaciones y ayudas p[a]ra su reestructuracin̤ /
|c Ana Sǹchez Lamelas
|
| 256 |
|
|
|a Servicio en ln̕ea
|
| 260 |
|
|
|a Barcelona :
|b Cedecs,
|c 2000
|
| 300 |
|
|
|a 436 p. ;
|c 23 cm
|
| 490 |
1 |
|
|a Derecho administrativo
|
| 502 |
|
|
|a Publicado originalmente como tesis
|
| 504 |
|
|
|a Bibliog.
|
| 506 |
1 |
|
|a Contenido solo disponible en los productos indicados
|d vLex Global
|d vLex Global (Academic Edition, excluding Law Schools)
|d vLex Global (U.S. Academic Edition, Law Schools)
|d vLex Global (U.S. Academic Edition, excluding Law Schools)
|d vLex Global (Academic Edition, Law Schools)
|
| 650 |
0 |
7 |
|2 Tesauro vLex
|a Flota pesquera
|
| 650 |
0 |
7 |
|2 Tesauro vLex
|a Flotas mart̕imas
|
| 740 |
0 |
|
|a vLex Libros (Servicios en ln̕ea)
|
| 830 |
|
0 |
|a Derecho administrativo (Cedecs)
|
| 856 |
4 |
0 |
|z Texto completo (Vlex)
|u http://vlex.com/source/3310
|
| 942 |
|
|
|c BOOK
|
| 999 |
0 |
|
|a Fishery law and legislation
|b Barcelona
|